Podpora lokálnych a regionálnych produktov v slovenskom prostredí ako faktor podpory cestovného ruchu diplomová práca

Enregistré dans:
Détails bibliographiques
Auteur principal: Mazagová, Ľubica
Collectivité auteur: Obchodná fakulta EU. Katedra tovaroznalectva a kvality tovaru
Autres auteurs: Strhan, Rastislav, 1968-
Format: Livre
Langue:slovaque
Publié: Bratislava 2012
Tags: Ajouter un tag
Pas de tags, Soyez le premier à ajouter un tag!

MARC

LEADER 00000nbm a2200000 4500
001 0159193
005 20161109102232.4
041 0 |a slo 
044 |a SK 
245 1 0 |a Podpora lokálnych a regionálnych produktov v slovenskom prostredí ako faktor podpory cestovného ruchu  |b diplomová práca  |c Ľubica Mazagová ; školiteľ: Rastislav Strhan 
264 1 |a Bratislava  |c 2012 
300 |a 72 s. 
100 1 |a Mazagová, Ľubica 
700 1 |a Strhan, Rastislav, 1968- 
710 2 |a Obchodná fakulta EU. Katedra tovaroznalectva a kvality tovaru